Deutsche Eishockey-Liga 2025/26 Wappen - Statistiken

Allgemein
  • Dieses Quiz wurde 155 mal gespielt
  • Das Durchschnittsergebnis liegt bei 12 aus 14
Antwortstatistiken
Bildquiz Antwort % Korrekt
Eisbären Berlin
98%
Kölner Haie
98%
Red Bull München
95%
Adler Mannhem
91%
Fischtown Pinguins Bremerhaven
84%
Löwen Frankfurt
82%
Augsburger Panther
80%
ERC Ingolstadt
80%
Grizzlys Wolfsburg
80%
Nürnberg Ice Tigers
79%
Iserlohn Roosters
77%
Schwenninger Wild Wings
77%
Straubing Tigers
76%
Dresdner Eislöwen
75%
Keine übereinstimmenden Quizze gefunden
Verteilung der Resultate
Anzahl Personen mit jedem Resultat
Perzentil nach korrekt beantworteten Fragen
Ihre Resultats-Entwicklung
Sie haben dieses Quiz noch nicht gespielt